Population des Pays - Nord ou Sud ? - Statistiques

Statistiques générales
  • Ce quiz a été pris 36 836 fois
  • Le résultat moyen est 11 sur 15
Statistiques - réponses
Question Réponse % Correct
Égypte Nord
86%
Australie Sud
85%
Canada Sud
76%
Suède Sud
76%
Nigeria Sud
76%
Royaume-Uni Sud
75%
Brésil Sud
75%
Venezuela Nord
71%
Suisse Nord
70%
Taïwan Nord
67%
Nouvelle-Zélande Nord
63%
Émirats Arabes Unis Nord
63%
Népal Sud
63%
Ouganda Sud
60%
Japon Sud
58%
Aucun quiz correspondant
Distribution des résultats
% des personnes avec chaque résultat
Percentile par nombre de réponses
Votre historique - résultats
Vous n’avez pas pris ce quiz